000
00330nam a2200133Ia 4500
008
240624s9999 xx 000 0 und d
041
_a
eng
082
_a
306.4 MEE
100
_a
MEETHAN K
245
_a
TOURISM CONSUMPTION AND REPRESENTATION
260
_c
2006
_a
USA
_b
CABI
300
_a
xv, : 304 : p. : cm. ; 24
365
_c
_b
28
999
_c
21297
_d
21297